| 000 | 00936cab a2200193 4500 | ||
|---|---|---|---|
| 001 | L129751 | ||
| 008 | 050517n2005 000 0 eng u | ||
| 035 | _a(Sirsi) u129751 | ||
| 041 | _aeng | ||
| 245 | _aProfessional qualifications directive | ||
| 260 | _c2005 | ||
| 490 |
_aRICS News Service _v6 May 2005 |
||
| 520 | _aThe European Parliament has reduced the prospects of amending the Professional Qualifications Directive, preventing UK and Irish surveyors who design buildings at home from practicising as architects across the EU. RICS persuaded many MEPs that qualified persons should be recognised by training and competence, not by title. | ||
| 650 | _aCOM (2002) 119 FINAL | ||
| 650 | _aCOM (2004) 317 FINAL | ||
| 690 | _aMANAGEMENT-BUSINESS MANAGEMENT-PROFESSIONAL PRACTICE | ||
| 856 |
_uhttps://www.rics.org/RICSWEB/getpage.aspx?p=NOwTidrJPUeMb-SDMEGnIg _zView the item free of charge at www.rics.org... |
||
| 942 | _n0 | ||
| 999 |
_c75246 _d75246 |
||